[Event "USA Championship 2021"]
[Site "Saint Louis"]
[Date "2021.10.14"]
[Round "8.4"]
[White "Swiercz, Dariusz"]
[Black "Lenderman, Aleksandr"]
[Result "1/2-1/2"]
[WhiteElo "2647"]
[BlackElo "2607"]
[Annotator "TA"]
[PlyCount "138"]
[EventDate "2021.10.06"]
[EventCountry "USA"]
[SourceTitle "playchess.com"]
[Source "ChessBase"]
[SourceQuality "1"]

{[%evp 10,137,18,25,33,25,32,29,21,8,16,21,29,38,12,3,33,13,12,4,21,18,52,43,72,71,80,62,80,85,72,81,86,84,65,64,87,64,64,64,65,60,65,65,141,122,122,122,279,278,274,87,129,129,162,158,227,122,137,107,188,114,263,267,274,273,273,273,273,0,102,0,235,266,262,249,244,235,235,226,172,191,266,266,266,204,197,116,116,108,108,108,108,114,114,114,114,235,354,0,116,0,0,0,0,0,0,0,0,0,0,0,0,0,0,0,0,0,0,0,0,0,29986,0,0,0,0,0,0,0]} 1. e4 c5 2. Nf3 Nc6 3. Bb5 g6 4. Bxc6 bxc6 5. O-O Bg7 6. Re1 Qc7 {B31: Sicilian: 2...Nc6 3 Bb5 g6.} 7. d3 e5 {[#]} 8. c3 $146 ({Predecessor:} 8. b4 cxb4 9. a3 bxa3 10. Bxa3 Ne7 11. d4 exd4 12. e5 c5 13. Nbd2 Bb7 14. Nb3 {½-½ (25) Horwitz,D (2321)-Khairullin,R (2331) ICCF email 2018}) 8... Nf6 {White has an edge.} 9. d4 cxd4 10. cxd4 exd4 11. Qxd4 O-O 12. Nc3 Qb6 13. e5 Qxd4 14. Nxd4 Ng4 15. Bf4 f6 {[%cal Rf6e5]} 16. e6 dxe6 17. Nxe6 Bxe6 18. Rxe6 g5 19. Bd6 {[%cal Rd6f8]} Rfe8 20. Rae1 Rxe6 21. Rxe6 f5 22. h3 Nf6 23. Be7 Kf7 24. Bxf6 Bxf6 25. Rxc6 $14 {[%mdl 4096] Endgame KRB-KRN} Rd8 26. g4 Bxc3 (26... fxg4 $1 $14 27. hxg4 Rd4) 27. Rxc3 fxg4 28. hxg4 {KR-KR} Rd2 $2 (28... Rd4 $16 {was necessary.}) 29. Rc7+ $18 Kg6 30. Rb7 $2 (30. Rxa7 $18 {and the rest is easy. Strongly threatening Ra6+.} Rxb2 31. Kg2) 30... a5 31. Rb6+ Kf7 32. Rb5 Kf6 (32... a4 $16 {might work better.} 33. Kg2 (33. Rxg5 Rxb2 34. Rh5 Kg6 $11) 33... Ke6) 33. Kg2 ({Don't take} 33. Rxa5 $6 Rxb2 34. Kg2 h6 $16) (33. Rf5+ $18 Kg6 34. Rxa5) 33... a4 34. a3 Rd4 (34... Rd6 $16 {keeps fighting.} 35. Rf5+ Kg6) 35. Kf3 (35. Rb6+ $1 $18 Ke5 36. Kg3) 35... Rf4+ (35... Rd6 $16 36. Rb4 Ra6) 36. Kg3 Rd4 37. Rb6+ Kf7 38. Rb7+ Kg6 39. Rb6+ (39. Rb4 $1 $18 {[%cal Rb4d4] is the precise move to win.} Rd2 40. Rxa4) 39... Kf7 $1 $16 40. Rb7+ (40. Rb8 $16) 40... Kg6 $18 41. Rb4 $1 {[%cal Rb4d4]} Rd3+ 42. Kg2 $1 Rd2 43. Kf3 Rc2 44. Ke3 h6 45. f3 Kg7 (45... Kf7 $142 46. Ke4 (46. Rxa4 Rxb2 47. Ra6 Ke7 $18) 46... Kf6 47. Rxa4 Re2+ 48. Kd5 Rxb2 49. Ra6+ Kg7 50. Ra7+ Kg6) 46. Rxa4 Rxb2 47. Rb4 Ra2 {[#]} 48. Rb3 ({White should play} 48. Rb7+ $1 $18 Kf6 49. Ra7) 48... h5 $16 49. gxh5 Kh6 50. Kd4 Kxh5 51. Kc5 g4 52. fxg4+ Kxg4 53. Kb4 Kf4 54. Rh3 $2 (54. Rd3 $18) 54... Ke5 {[#]} (54... Ke4 $1 $11) 55. Rh6 ({White must play} 55. Rd3 $1 $16) 55... Kd5 $11 56. a4 Rb2+ 57. Ka5 (57. Kc3 {with more complications.} Rb8 58. Kd2 Kc5 59. a5 Kb5 60. a6) 57... Kc5 58. Ka6 Rb8 59. Ka7 (59. Rh5+ {seems wilder.} Kc4 60. a5 Kb4 61. Rh4+ Kc5 62. Ka7) 59... Rg8 60. a5 (60. Rh4 {is interesting.} Rg7+ 61. Ka6 Rg8 62. Rf4 Ra8+ 63. Kb7) 60... Rg7+ 61. Ka6 Rg8 62. Kb7 (62. Rh1 {is more complex.} Rg6+ 63. Ka7 Rg7+ 64. Kb8 Rg8+ 65. Kb7) 62... Rg7+ 63. Ka6 Rg8 $1 64. Rh7 (64. Rh1 {feels hotter.} Ra8+ 65. Kb7 Rxa5 66. Rh5+ Kb4 67. Rxa5 Kxa5 68. Kc7) 64... Ra8+ 65. Ra7 Rxa7+ 66. Kxa7 {Intending a6 and mate.} Kc6 {The position is equal.} 67. a6 Kc7 68. Ka8 Kb6 69. a7 Kc7 {Weighted Error Value: White=0.30/Black=0.18} 1/2-1/2

[Event "USA Championship 2021"]
[Site "Saint Louis"]
[Date "2021.10.14"]
[Round "8.5"]
[White "Robson, Ray"]
[Black "Bruzon Batista, Lazaro"]
[Result "1/2-1/2"]
[WhiteElo "2669"]
[BlackElo "2645"]
[Annotator "TA"]
[PlyCount "94"]
[EventDate "2021.10.06"]
[EventCountry "USA"]
[SourceTitle "playchess.com"]
[Source "ChessBase"]
[SourceQuality "1"]

{[%evp 22,94,45,35,55,35,36,35,52,27,31,32,24,29,31,0,4,0,0,0,0,0,10,0,0,0,0,0,0,0,0,0,0,0,0,0,0,0,0,0,0,0,0,0,8,8,8,0,0,0,0,0,0,0,0,0,0,0,0,0,0,0,0,0,0,0,0,0,0,0,0,0,0,0,0]} 1. e4 e5 2. Nf3 Nf6 3. Nxe5 d6 4. Nf3 Nxe4 5. d4 d5 6. Bd3 Be7 7. O-O Bf5 8. Re1 Nc6 9. Nbd2 Nxd2 10. Qxd2 Bxd3 11. Qxd3 O-O 12. c3 a6 {C42: Petroff Defence: 3 Nxe5 and unusual White 3rd moves.} 13. Bf4 Bd6 {[#]} 14. Ng5 $1 {[%csl Gg5][%cal Rd3h7]} g6 {White is slightly better.} 15. Qh3 {[%csl Gg5][%cal Rh3h7]} h5 16. Qg3 Bxf4 $1 17. Qxf4 Qd7 {[#]} 18. h4 $146 ({Predecessor:} 18. Re3 Rae8 19. Rae1 Rxe3 20. Qxe3 Qf5 21. h4 Qg4 22. g3 Qf5 23. Kg2 Kg7 24. Qd2 {½-½ (33) Stevic,H (2616)-Mamedov,N (2596) Antalya 2017}) 18... Rae8 {The position is equal.} 19. Nh3 Ne7 20. Qg5 Nf5 21. Nf4 Qd8 22. Qxd8 Rxd8 23. Re5 c6 24. g3 Nd6 25. Rae1 Rfe8 26. f3 Kf8 27. Kf2 Nc4 28. R5e2 Rxe2+ 29. Rxe2 $11 {[%mdl 4096] Endgame KRN-KRN} Re8 30. Nd3 (30. b3 {seems wilder.} Nd6 31. Rxe8+ Kxe8 32. b4 b6 33. a4) 30... Rxe2+ 31. Kxe2 {KN-KN} a5 32. Nc5 Nd6 33. g4 Ke7 34. b4 b6 35. Nd3 f6 36. bxa5 bxa5 37. gxh5 gxh5 38. Nf4 Nf5 39. Nxh5 Nxh4 40. Nf4 Nf5 41. Nd3 Nd6 42. Nc5 Nc4 43. Kd3 Kd6 44. Kc2 Kc7 45. Kd3 Kd6 46. Kc2 Kc7 47. Kd3 Kd6 {Weighted Error Value: White=0.03/Black=0.01} 1/2-1/2

[Event "USA Championship 2021"]
[Site "Saint Louis"]
[Date "2021.10.14"]
[Round "8.6"]
[White "Naroditsky, Daniel"]
[Black "Burke, John M"]
[Result "1/2-1/2"]
[WhiteElo "2623"]
[BlackElo "2554"]
[Annotator "TA"]
[PlyCount "77"]
[EventDate "2021.10.06"]
[EventCountry "USA"]
[SourceTitle "playchess.com"]
[Source "ChessBase"]
[SourceQuality "1"]

{[%evp 17,77,13,13,13,0,0,14,0,0,0,-5,0,3,-12,28,33,27,27,31,32,34,25,31,26,37,40,40,0,0,4,22,15,25,20,14,12,28,9,12,0,36,27,31,12,12,16,34,40,64,0,0,0,0,0,0,0,0,0,0,0,0,0]} 1. Nf3 Nf6 2. c4 c5 3. Nc3 e6 4. e3 Nc6 5. d4 d5 6. cxd5 Nxd5 7. Bd3 Be7 8. O-O O-O 9. Nxd5 {9.Qe2 is a critical line.} Qxd5 10. Qc2 {D42: Queen's Gambit Declined: Semi-Tarrasch: 5 cxd5 Nxd5 6 e3 Nc6 7 Bd3 .} Qh5 11. Be2 Qg6 12. Bd3 Qh5 13. Be4 cxd4 14. Nxd4 {[#]} Bd6 $146 {[%csl Gd6][%cal Rh5h2] [#]} ({Predecessor:} 14... Nxd4 15. exd4 Bd6 16. h3 Rb8 17. a4 Bd7 18. Bf3 Qg6 19. Qxg6 hxg6 20. Be3 Rfc8 21. d5 b6 22. Rfd1 e5 {½-½ (48) Ladva,O (2530)-Kveinys,A (2526) Liepaja 2017}) 15. f4 (15. g3 {looks sharper.} Nxd4 16. exd4 Rb8 17. Qd1 Qxd1 18. Rxd1 Bd7 19. Bd2) 15... Bd7 16. Qd1 Qxd1 17. Rxd1 {And now Nxc6 would win.} Rfd8 18. Nxc6 Bxc6 19. Bxc6 bxc6 20. Kf2 Bb4 21. Rxd8+ Rxd8 $14 {[%mdl 4096] Endgame KRB-KRB} 22. a3 Be7 23. Ke2 Bf6 24. Rb1 c5 25. b3 Kf8 26. Bd2 Rb8 27. Kd3 Rd8+ 28. Ke2 Rb8 29. e4 Ke8 30. Be3 Be7 $1 31. Kd3 Kd7 32. Kc4 Kc6 33. Rd1 ({White should try} 33. Bd2 $14) 33... a5 $1 $11 {The position is equal.} 34. Rd2 a4 35. bxa4 Ra8 36. Kb3 Rb8+ 37. Kc4 Ra8 38. Kb3 Rb8+ 39. Kc4 {Weighted Error Value: White=0.07/Black=0.04} 1/2-1/2

[Event "USA Championship 2021"]
[Site "Saint Louis"]
[Date "2021.10.16"]
[Round "9.1"]
[White "Dominguez Perez, Leinier"]
[Black "Robson, Ray"]
[Result "1/2-1/2"]
[WhiteElo "2760"]
[BlackElo "2669"]
[Annotator "TA"]
[PlyCount "80"]
[EventDate "2021.10.06"]
[EventCountry "USA"]
[SourceTitle "playchess.com"]
[Source "ChessBase"]
[SourceQuality "1"]

{[%evp 9,80,14,15,16,39,16,21,19,14,10,21,6,19,0,0,-8,-8,-5,25,-22,-25,-23,-22,-20,0,0,0,0,0,0,35,20,0,0,0,2,70,81,179,225,216,179,189,191,184,212,252,249,205,135,162,86,147,110,129,38,36,57,58,0,0,0,0,0,0,0,0,0,0,0,0,0,0]} 1. e4 e5 2. Nf3 Nc6 3. Bc4 Nf6 4. d3 Bc5 5. c3 O-O 6. a4 {C54: Giuoco Piano: 4 c3 Nf6, main lines with 5 d4 and 5 d3.} a6 7. Bg5 h6 8. Bh4 g5 9. Bg3 d6 10. Nbd2 Ba7 11. h4 g4 12. Nh2 Kg7 13. Qe2 {[#]} Qd7 $146 ({Predecessor:} 13... Ne7 14. h5 Nxh5 15. Nxg4 Nxg3 16. fxg3 Ng8 17. Ne3 Qg5 18. Nef1 Ne7 19. Nf3 Qg6 20. O-O-O f5 21. Bb3 b5 {½-½ (21) Eljanov,P (2702)-Fressinet,L (2651) Brest 2018}) 14. Nhf1 Nh5 15. Ne3 Bxe3 16. Qxe3 Ne7 17. f4 $1 f5 18. O-O $1 (18. fxe5 $2 f4 $17) 18... Ng6 19. exf5 $1 Ngxf4 20. Bxf4 exf4 21. Qd4+ Kh7 22. f6 $1 $36 {[%mdl 2048] Black must now prevent Rae1. White has the initiative.} Qf5 (22... Kg6 $1 $11) 23. Rae1 $1 $14 {[%cal Re1e7]} Qxf6 (23... Kg6 $16) 24. Qxf6 $18 Rxf6 25. Re7+ Kg6 26. Ne4 $1 {aiming for Bg8.} (26. Rxc7 $6 Ng3 $16) 26... Rf8 27. Rxc7 b5 28. Bd5 {[%cal Rd5a8]} (28. axb5 $6 axb5 29. Bd5 (29. Bxb5 Ba6 $16) 29... Ra6 $16) 28... Rb8 29. Nxd6 Ng3 30. Re1 (30. Nxc8 $6 Rbxc8 31. Rxc8 Rxc8 $11) (30. Bf7+ $1 $18 Rxf7 31. Rxf7 Nxf1 32. Kxf1) 30... bxa4 ({Black should play} 30... Kh5) 31. Bf7+ $16 Kf6 {[#]} 32. Ne8+ ({Better is} 32. Kh2 $1 $16 a3 33. bxa3 (33. Nxc8 Rbxc8 34. Re6+ {[%mdl 64] Double Attack} Kg7 $17)) 32... Rxe8 $1 $14 33. Bxe8 (33. Rxe8 $2 {is the wrong capture.} Rxb2 34. Ba2 (34. Rexc8 $2 Rb1+ 35. Kh2 Rh1#) 34... Rxa2 $19) 33... Be6 {[#]} 34. Bd7 (34. Rc6 $1 $14 Rxe8 35. Rxa6) 34... Bxd7 $11 {The position is equal.} 35. Rxd7 Rxb2 {KRR-KRN} 36. Rd6+ Kf5 {Hoping for ...Ne2+.} 37. Rd5+ (37. Rxh6 {gets mated.} f3 38. Rh5+ Nxh5 39. gxf3 gxf3 40. Re3 Rg2+ 41. Kf1 Ng3+ 42. Ke1 f2+ 43. Kd1 f1=Q+ 44. Re1 Qxd3+ {[%mdl 64] Double Attack} 45. Kc1 Qc2#) 37... Kf6 38. Rd6+ Kf5 {And now ...Ne2+ would win.} 39. Rd5+ (39. Rxh6 {leads to mate.} f3 40. Rh5+ Nxh5 41. gxf3 gxf3 42. Re3 Rg2+ 43. Kf1 Ng3+ 44. Ke1 f2+ 45. Kd1 f1=Q+ 46. Re1 Qxd3+ {[%mdl 64] Double Attack} 47. Kc1 Qc2#) 39... Kf6 40. Rd6+ Kf5 {Blacks defense is rewarded with a draw.  Weighted Error Value: White=0.12/Black=0.11} 1/2-1/2

[Event "USA Championship 2021"]
[Site "Saint Louis"]
[Date "2021.10.16"]
[Round "9.2"]
[White "Lenderman, Aleksandr"]
[Black "Shankland, Sam"]
[Result "1/2-1/2"]
[WhiteElo "2607"]
[BlackElo "2714"]
[Annotator "TA"]
[PlyCount "82"]
[EventDate "2021.10.06"]
[EventCountry "USA"]
[SourceTitle "playchess.com"]
[Source "ChessBase"]
[SourceQuality "1"]

{[%evp 25,82,52,37,37,37,33,33,24,6,-6,0,0,52,23,94,83,90,19,13,6,8,8,41,0,0,0,0,0,0,0,0,0,0,0,0,0,0,0,0,0,0,0,0,0,5,0,0,0,0,0,0,0,0,0,0,0,0,0,0]} 1. d4 Nf6 2. c4 g6 3. g3 Bg7 4. Bg2 O-O 5. Nc3 Nc6 6. Nf3 d5 7. cxd5 Nxd5 8. O-O Nb6 9. e3 e5 10. d5 e4 11. dxc6 Qxd1 12. Rxd1 exf3 13. Bxf3 bxc6 14. Bxc6 {D76: Fianchetto Grünfeld: Main Line with 7...Nb6.} Rb8 15. Nd5 {[#]} Bg4 $146 ({Predecessor:} 15... Nxd5 16. Bxd5 Bg4 17. f3 Be6 18. Bxe6 fxe6 19. Kg2 Bxb2 20. Rb1 {½-½ (20) Ilincic,Z (2515)-Fogarasi,T (2435) Budapest 2006}) 16. f3 {White is slightly better.} Be6 17. e4 Nc4 18. Nxc7 Bh3 (18... Nxb2 $11 19. Bxb2 Bxb2) 19. Bb5 Na3 {[#]} 20. Ba4 $1 $16 ({Much weaker is} 20. bxa3 Bxa1 21. a4 a6 $11) 20... Bxb2 {[#]} 21. Bxb2 (21. Bb3 $1 $16 Bxa1 22. Bxa3) 21... Rxb2 $11 22. Bb3 Rg2+ $1 23. Kh1 {White wants to play Nd5.} Rf2 24. Rd3 {And now Nd5 would win.} Nc4 {The position is equal.} 25. Bxc4 {Strongly threatening Bb3.} Rc8 26. Bxf7+ Kxf7 27. Rc3 Rb8 28. Nd5 Rbb2 29. Rc7+ Ke8 30. Nf4 (30. Rxa7 $2 {gets mated.} Rxh2+ 31. Kg1 Rbg2+ 32. Kf1 Rh1#) 30... Bd7 31. Rd1 Ba4 32. Rc8+ Ke7 33. Rc7+ Ke8 34. Rdc1 Bd7 35. h4 Rxf3 36. e5 {Black must now prevent e6.} Bf5 37. Rxa7 {aiming for e6.} Rxg3 38. Ra8+ Kd7 39. Ra7+ Ke8 40. Ra8+ Kd7 {( -> ...Be4+)} 41. Ra7+ Ke8 {Weighted Error Value: White=0.08/Black=0.11} 1/2-1/2

[Event "USA Championship 2021"]
[Site "Saint Louis"]
[Date "2021.10.16"]
[Round "9.3"]
[White "Caruana, Fabiano"]
[Black "Swiercz, Dariusz"]
[Result "1-0"]
[WhiteElo "2800"]
[BlackElo "2647"]
[Annotator "TA"]
[PlyCount "87"]
[EventDate "2021.10.06"]
[EventCountry "USA"]
[SourceTitle "playchess.com"]
[Source "ChessBase"]
[SourceQuality "1"]

{[%evp 10,87,16,-14,25,25,28,14,20,30,20,20,34,22,44,42,51,46,58,54,85,65,97,93,85,52,104,83,122,120,127,139,138,124,124,134,125,111,99,105,93,84,99,94,77,62,62,58,66,61,68,72,65,47,72,70,137,128,177,67,308,306,293,293,347,391,748,718,943,1532,1508,1133,1668,1652,29990,29990,29991,29992,29992,29991]} 1. c4 Nf6 2. Nc3 e5 3. Nf3 Nc6 4. g3 Bb4 5. Bg2 O-O 6. Nd5 Bc5 {A29: English Opening: Four Knights Variation with 4 g3.} 7. b4 $5 {[%mdl 4] An interesting side line.} Nxb4 8. Nxb4 Bxb4 {The position is equal.} 9. Nxe5 Re8 10. Nd3 {[#]} Ba5 $146 ({Predecessor:} 10... Bf8 11. O-O d5 12. cxd5 Nxd5 13. Bb2 c6 14. Ne5 Be6 15. d4 a5 16. e4 Nf6 {½-½ (23) Harika,D (2492)-Danielian,E (2417) Chess.com INT 2019}) 11. O-O c6 12. e3 d6 13. Nf4 Bf5 14. Bb2 Be4 15. Bh3 Rb8 16. d3 Bg6 17. Bg2 Bc7 (17... Bf5 $14) 18. a4 a6 19. e4 d5 20. cxd5 cxd5 21. Bxf6 ({Much less strong is} 21. exd5 $6 Bxf4 22. gxf4 Nxd5 $14) 21... Qxf6 22. Nxd5 {[%mdl 64] Double Attack} Qd8 23. h4 f6 24. Rc1 Bd6 25. Ne3 b5 26. axb5 axb5 27. Qg4 {Black must now prevent h5.} Bf8 28. Rfd1 b4 29. d4 b3 30. h5 Bf7 {Strongly threatening ...b2.} 31. d5 Kh8 32. Rb1 Bc5 (32... Rb4 $14) 33. Nf5 $16 {[%csl Gf5][%cal Rg4g7]} Rg8 34. Qf3 $40 {[%mdl 128] White is up to no good.} (34. h6 $1 $18 {[%cal Rh6g7]} gxh6 35. Qf3 (35. Nxh6 Bxf2+ 36. Kh1 Rxg4 $14)) 34... Rb4 $2 {A mistake that costs the game.} (34... Bxh5 $1 $14 35. Qxh5 g6) 35. h6 $18 ({Not} 35. Rxb3 Bxh5 $1 36. Qxh5 Rxb3 $17) 35... g6 36. Ng7 b2 37. e5 Bd4 $2 (37... fxe5 38. Qxf7 Rf8) 38. e6 Be8 {[#]} 39. Rxd4 $1 {[%mdl 512]} Rxd4 40. Rxb2 Ba4 41. Rb7 f5 42. Nxf5 {White mates.} Rd1+ 43. Kh2 Qf6 44. Nd6 {Weighted Error Value: White=0.07/Black=0.48} 1-0

[Event "USA Championship 2021"]
[Site "Saint Louis"]
[Date "2021.10.16"]
[Round "9.4"]
[White "So, Wesley"]
[Black "Naroditsky, Daniel"]
[Result "1/2-1/2"]
[WhiteElo "2778"]
[BlackElo "2623"]
[Annotator "TA"]
[PlyCount "62"]
[EventDate "2021.10.06"]
[EventCountry "USA"]
[SourceTitle "playchess.com"]
[Source "ChessBase"]
[SourceQuality "1"]

{[%evp 9,62,46,35,43,25,40,40,19,29,46,45,36,45,12,0,2,25,25,22,-33,-29,-22,0,0,0,0,0,0,0,0,0,0,0,0,79,48,196,188,152,10,10,0,0,0,0,0,0,0,0,0,0,0,0,0,0]} 1. e4 e5 2. Nf3 Nc6 3. Bc4 Nf6 4. d3 h6 5. c3 g5 6. d4 {C55: Two Knights: 4 d3, 4 d4 exd4 5 e5 and Max Lange Attack.} d6 7. dxe5 dxe5 {[#]} 8. Qe2 $146 {White is slightly better.} (8. Qxd8+ {keeps more tension.} Nxd8 9. h4 g4 10. Nxe5 Bd6 11. Nd3) ({Predecessor:} 8. Qxd8+ Nxd8 9. Nxe5 Nxe4 10. O-O Nd6 11. Bb3 Be6 12. Re1 Bg7 13. f4 O-O 14. fxg5 Bxb3 15. axb3 hxg5 {½-½ (37) Karjakin,S (2752)-Oparin,G (2652) Chess.com INT 2020}) 8... Bd6 9. h4 g4 10. Nh2 Qe7 11. Nf1 Nh5 12. Ne3 Nf4 13. Qf1 Be6 14. g3 {[#]} (14. Nd5 $11 Bxd5 15. exd5) 14... O-O-O $1 $15 15. Nd5 Bxd5 (15... Qd7 {with more complications.} 16. Nf6 Bxc4 17. Qxc4 Na5 18. Nxd7 Nxc4 19. gxf4 Kxd7 20. b3 Nb6) 16. exd5 Na5 17. gxf4 exf4+ 18. Kd1 Nxc4 19. Qxc4 g3 20. fxg3 ({Not} 20. Bxf4 $2 g2 $19) 20... fxg3 21. Re1 Qf6 (21... Qd7 $11 22. Be3 Qf5) 22. Nd2 $16 Kb8 {[#]} ({Black should try} 22... Rhg8 $14 23. Ne4 Qf5) 23. Ne4 $1 $18 {[%cal Re4f6]} Qf5 24. Be3 (24. Nxd6 $16 Rxd6 25. Bf4 Rxd5+ 26. Kc1) 24... Rhe8 $11 {The position is equal.} 25. Nxd6 Rxd6 26. Bxa7+ {[%mdl 64] Decoy} Kxa7 27. Qa4+ Kb6 28. Qb4+ Ka6 $1 29. Qa4+ Kb6 {( -> ...Qd3+)} 30. Qb3+ Ka7 31. Qa4+ {[%mdl 64] Double Attack} (31. Rxe8 $2 {loses.} Rxd5+ 32. Kc1 Qf1+ 33. Kc2 Qf2+ 34. Kb1 {[#]} g2 $1 $19 {[%mdl 512]}) 31... Kb6 {Weighted Error Value: White=0.16/Black=0.21} 1/2-1/2

[Event "USA Championship 2021"]
[Site "Saint Louis"]
[Date "2021.10.16"]
[Round "9.5"]
[White "Burke, John M"]
[Black "Sevian, Samuel"]
[Result "1/2-1/2"]
[WhiteElo "2554"]
[BlackElo "2654"]
[Annotator "TA"]
[PlyCount "89"]
[EventDate "2021.10.06"]
[EventCountry "USA"]
[SourceTitle "playchess.com"]
[Source "ChessBase"]
[SourceQuality "1"]

{[%evp 13,89,19,19,8,0,0,9,0,0,0,7,6,9,0,8,-5,19,0,0,7,12,0,4,-19,-16,-25,-4,0,0,0,22,0,0,0,0,0,0,0,6,7,10,30,29,0,0,14,104,-66,-69,-65,-64,-60,-50,-62,0,0,0,0,0,0,0,0,0,0,0,0,0,0,0,0,0,0,0,0,0,0,0,0]} 1. e4 e5 2. Nf3 Nc6 3. Bc4 Bc5 4. O-O Nf6 5. d3 d6 6. c3 a6 7. Bb3 O-O 8. h3 {C54: Giuoco Piano: 4 c3 Nf6, main lines with 5 d4 and 5 d3.} h6 9. Re1 Re8 {The modern move.} 10. Nbd2 {[%cal Bb1d2,Bd2f1,Bf1e3,Be3f5][%mdl 32]} Be6 11. Bxe6 Rxe6 12. b4 Ba7 13. Qc2 Ne7 14. Nf1 {[#]} Ng6 $146 ({Predecessor:} 14... d5 15. Rb1 dxe4 16. dxe4 c5 17. b5 axb5 18. Rxb5 Nc8 19. c4 Nd6 20. Rb3 Bb8 {½-½ (43) Buecker,J (2578)-Langeveld,R (2696) ICCF email 2010}) 15. Be3 Bxe3 16. Nxe3 c6 17. c4 d5 18. Rad1 d4 19. Nf5 a5 20. a3 axb4 21. axb4 Ra3 22. Ra1 Rc3 23. Qd2 Nf4 24. Nxe5 N6h5 25. g3 $1 {[%cal Rg3f4]} Nxh3+ 26. Kg2 $1 Nxf2 $1 {[#]} 27. Nxf7 Kxf7 28. Qxf2 {Threatens to win with Nd6+.} Kg8 29. Rh1 (29. Nxd4 $2 Rg6 $19) 29... Nf6 (29... Qg5 $1 $11) 30. Rhd1 $2 ({Worse is} 30. Qxd4 Rxd3 31. Qxd8+ Rxd8 $17) ({Don't blunder} 30. Nxd4 $2 Rd6 $19) (30. Nxh6+ $16 gxh6 31. Qf5) 30... Ng4 $1 $15 {[%cal Rg4f2]} 31. Qxd4 Qxd4 32. Nxd4 Rd6 33. Nf5 Rdxd3 (33... Rd7 $1 $15 34. Ra8+ Kh7) 34. Rxd3 $11 {The position is equal.} Rxd3 $15 {[%mdl 4096] Endgame KRN-KRN} 35. Ra8+ Kf7 36. Rb8 g6 37. Rxb7+ Kf6 38. Ne7 Rd2+ 39. Kg1 Ne5 40. Nxc6 Nf3+ ({Of course not} 40... Nxc6 $6 41. Rb6 $16) 41. Kf1 Nh2+ 42. Ke1 Nf3+ 43. Kf1 Nh2+ 44. Ke1 $1 Nf3+ 45. Kf1 {Weighted Error Value: White=0.11/Black=0.06} 1/2-1/2

[Event "USA Championship 2021"]
[Site "Saint Louis"]
[Date "2021.10.16"]
[Round "9.6"]
[White "Bruzon Batista, Lazaro"]
[Black "Xiong, Jeffery"]
[Result "0-1"]
[WhiteElo "2645"]
[BlackElo "2700"]
[Annotator "TA"]
[PlyCount "104"]
[EventDate "2021.10.06"]
[EventCountry "USA"]
[SourceTitle "playchess.com"]
[Source "ChessBase"]
[SourceQuality "1"]

{[%evp 9,104,14,20,19,20,22,27,8,9,0,0,5,16,7,12,17,24,20,34,12,49,-25,11,-11,0,0,0,-11,-17,-41,0,0,0,0,-3,-1,-8,0,0,0,16,0,0,0,6,0,0,0,0,0,0,0,18,0,0,0,0,0,0,0,0,0,0,0,0,0,0,0,9,-8,-11,-16,-15,-44,-14,-60,-59,-79,-87,-195,-88,-77,0,-599,-39,-617,-631,-29988,-29989,-29989,-29990,-29993,-29994,-29994,-29995,-29995,-29996]} 1. e4 e6 2. d4 d5 3. Nd2 c5 4. exd5 Qxd5 5. dxc5 Qxc5 (5... Bxc5 {seems wilder.} 6. Ngf3 Nf6 7. Bc4 Qh5 8. Qe2 Be7) 6. Ngf3 {C07: French Tarrasch: 3...c5, 4 Ngf3 and 4 exd5 Qxd5.} Nf6 7. Bd3 Nbd7 8. O-O {White has an edge.} Qc7 9. a4 {[%cal Ba2a4,Ba4a5][%mdl 32]} Be7 10. Nb3 {10.a5 injects fresh life into this line.} O-O 11. a5 Nd5 12. c3 Rd8 {[#]} 13. Re1 $146 ({Predecessor:} 13. Qe2 N7f6 14. Nbd4 Bd7 15. a6 bxa6 16. Bxa6 Bd6 17. g3 e5 18. Nb5 Bxb5 19. Bxb5 {1-0 (44) Tiviakov,S (2580)-Looshnikov,N (2424) Voronezh 2018}) 13... a6 14. Qc2 N7f6 15. Nbd4 (15. Ra4 $14) 15... h6 16. Bf1 Bd7 17. g3 Bc5 18. Nb3 Ba7 19. Ne5 Nb4 20. Qb1 Nc6 21. Nxd7 Rxd7 22. Bf4 Qd8 23. Be3 Bxe3 24. Rxe3 Ng4 25. Re2 Qg5 26. h3 Nge5 27. Re3 {[#] Strongly threatening f4.} Ng6 28. Qe4 Rd5 29. h4 Qf6 30. Bg2 Rad8 31. Qc2 R5d6 32. Re2 Nge5 33. Nc5 Nf3+ 34. Bxf3 Qxf3 35. Nxb7 Nd4 36. cxd4 Qxb7 37. Rd2 Qd5 (37... Rc6 {with more complications.} 38. Qd3 Qb4 39. Rc2 Rxc2 40. Qxc2 Rb8) 38. b4 e5 39. Qd3 Qb7 {[%cal Rd6d4]} 40. Qb3 exd4 41. Rb1 g5 {Black wants to play ...gxh4.} 42. hxg5 hxg5 43. b5 Re8 {...Rh6 is the strong threat.} 44. Qd1 (44. Rf1 $17) 44... Qe4 (44... Rh6 $19 {[%csl Gb7][%cal Rh6h1] is more deadly.} 45. f3 Qc7) 45. f3 $17 {[#]} Qe5 (45... Qe3+ $1 $17 46. Rf2 d3) 46. Kg2 $2 {[%mdl 8192]} (46. b6 $11 {and White stays safe.}) 46... axb5 $2 ({Black should try} 46... Rh6 $19 47. Rf2 Qf5) 47. Rdb2 $2 {[%mdl 8192] This costs White the game.} (47. Rb4 $15) 47... Rh6 $19 {White must now prevent ...Qh8.} 48. Rxb5 Qh8 {Black mates.} 49. Rxg5+ Kf8 50. g4 Rh2+ 51. Kg3 Rh3+ 52. Kg2 Qh4 {Weighted Error Value: White=0.43/Black=0.25} 0-1